Investir en Europe de l'Est: une nouvelle ruée vers l'or?
Úvaha o tom, či investovať v krajinách východnej Európy. Postup niektorých veľkých amerických firiem. Prekážky. Dedičstvo zničeného životného prostredia. Pocit zatrpknutosti obyvateľstva. Perspektívy podľa jednotlivých krajín. Možné riešenia. Postoje ES. (Orbis, A Journal of World Affairs 1990, jese...
Salvato in:
| Autore principale: | |
|---|---|
| Natura: | Capitolo di libro |
| Lingua: | francese |
| Soggetti: | |
| Tags: |
Nessun Tag, puoi essere il primo ad aggiungerne!!
|
MARC
| LEADER | 00000naa a2200000 4500 | ||
|---|---|---|---|
| 001 | r004672 | ||
| 005 | 20221125091610.5 | ||
| 041 | 0 | |a fre | |
| 044 | |a FR | ||
| 245 | 1 | 0 | |a Investir en Europe de l'Est: une nouvelle ruée vers l'or? |c D. Leebaert |
| 520 | |a Úvaha o tom, či investovať v krajinách východnej Európy. Postup niektorých veľkých amerických firiem. Prekážky. Dedičstvo zničeného životného prostredia. Pocit zatrpknutosti obyvateľstva. Perspektívy podľa jednotlivých krajín. Možné riešenia. Postoje ES. (Orbis, A Journal of World Affairs 1990, jeseň). | ||
| 610 | 2 | 0 | |a investície zahraničné |
| 610 | 2 | 0 | |a východná Európa |
| 610 | 2 | 0 | |a USA |
| 610 | 2 | 0 | |a prostredie životné |
| 610 | 2 | 0 | |a Európske spoločenstvá |
| 100 | 1 | |a Leebaert, D. | |